| 000 | 00894nam a22002177a 4500 | ||
|---|---|---|---|
| 003 | OSt | ||
| 005 | 20260122200358.0 | ||
| 008 | 230606b ||||| |||| 00| 0 eng d | ||
| 040 | _cSSBUL | ||
| 041 | _ashan | ||
| 082 |
_223 _a294.34435 |
||
| 100 | 0 |
_aသူၺ်ႇၵျွင်း မူၸ်ေ၊ မၼ်းတလ်ေး၊ _cလုင်း။ _925272 |
|
| 245 | 1 | 0 |
_aတြႃးရုပ်ၼၢမ်ႇ / _cလုင်းသူၺ်ႇၵျွင်း မူၸ်ေ၊ မၼ်းတလ်ေး။ |
| 260 |
_aတူၼ်ႈတီး၊ _bၸၢၵ်ႈဢိတ်ႇလိၵ်ႈပတၵၢတ်ႈ၊ _c1979 ။ |
||
| 300 |
_a97 ၼႃႈ၊ _c18 ၸိၼ်ႇတီႇ။ |
||
| 500 | _aS-SAT: Dr. Prof Sai Aung Tun | ||
| 650 |
_aၵၢၼ်ၼင်ႈတြႃး - ဝိပသ်သၼႃႇ _925273 |
||
| 942 | _cBK | ||
| 942 | _2ddc | ||
| 942 | _2ddc | ||
| 999 |
_c25301 _d25301 |
||